इन्द्रधनुषी हिन्दी ग़ज़लें / (Record no. 44553)

MARC details
000 -LEADER
fixed length control field 01172nam a22002657a 4500
005 - DATE AND TIME OF LATEST TRANSACTION
control field 20100906104624.0
008 - FIXED-LENGTH DATA ELEMENTS--GENERAL INFORMATION
fixed length control field 100906t xxu||||| |||| 00| 0 hin d
010 ## - LCCN (DPL NO)
LC control number HIN-90400
020 ## - INTERNATIONAL STANDARD BOOK NUMBER
International Standard Book Number 9788188060757
Terms of availability 250.00
035 ## - SYSTEM CONTROL NUMBER
System control number HN-62746
037 ## - SOURCE OF ACQUISITION
Source of stock number/acquisition DBAD/PUN
040 ## - CATALOGING SOURCE
Original cataloging agency DPL
Language of cataloging HN
082 ## - DEWEY DECIMAL CLASSIFICATION NUMBER
Classification number 821
100 ## - MAIN ENTRY--PERSONAL NAME
9 (RLIN) 18464
245 ## - TITLE STATEMENT
Title इन्द्रधनुषी हिन्दी ग़ज़लें /
Statement of responsibility, etc रोहिताश्व अस्थाना द्वारा संपादित
260 ## - PUBLICATION, DISTRIBUTION, ETC. (IMPRINT)
Place of publication, distribution, etc नई दिल्ली
Name of publisher, distributor, etc सुनील साहित्य सदन
Date of publication, distribution, etc 2010
270 ## - ADDRESS
Address 3320-21, जटवाड़ा, दरियागंज
City नई दिल्ली
Postal code 110002
300 ## - PHYSICAL DESCRIPTION
Extent 159पृ.
Dimensions 22सेमी (सजिल्द)
650 ## - SUBJECT ADDED ENTRY--TOPICAL TERM
9 (RLIN) 1169
Topical term or geographic name as entry element हिन्दी कविता
650 ## - SUBJECT ADDED ENTRY--TOPICAL TERM
9 (RLIN) 18465
700 ## - ADDED ENTRY--PERSONAL NAME
9 (RLIN) 18865
Personal name अस्थाना, रोहिताश्व
700 ## - ADDED ENTRY--PERSONAL NAME
9 (RLIN) 18866
942 ## - ADDED ENTRY ELEMENTS (KOHA)
Source of classification or shelving scheme Dewey Decimal Classification
Item type Hindi Books
Classification part 821
Call number suffix इन्द्रध
Holdings
Withdrawn status Lost status Source of classification or shelving scheme Damaged status Not for loan Collection code Home library Current library Date acquired Source of acquisition Cost, normal purchase price Total Checkouts Full call number Barcode Date last seen Copy number Cost, replacement price Koha item type
    Dewey Decimal Classification   Not For Loan Non-fiction D.B.Act.Division D.B.Act.Division 08/09/2010 DBAD / PUB 250.00   821 इन्द्रध HN-62746 08/09/2010 1 250.00 Hindi Books

© Delhi Public Library
Hit Counter
free hit counter